Flags and Maps #1 - Statistics

General Stats
  • This quiz has been taken 27 times
  • The average score is 11 of 12
Answer Stats
Picture Answer % Correct
Denmark
100%
France
100%
Jamaica
100%
Morocco
100%
Andorra
92%
Honduras
92%
Moldova
92%
Greenland [Denmark]
88%
Zambia
88%
St Vincent and the Grenadines
79%
Tanzania
79%
St Kitts and Nevis
75%
No matching quizzes found
Score Distribution
Percent of People with Each Score
Percentile by Number Answered
Your Score History
You have not taken this quiz